Historia Oxford del mundo clásico / (Record no. 151067)

MARC details
000 -LEADER
campo de control de longitud fija 01027nam a2200289 i 4500
001 - NÚMERO DE CONTROL
campo de control 151067
003 - IDENTIFICADOR DE NÚMERO DE CONTROL
campo de control ES-MaACL
005 - FECHA Y HORA DE LA ÚLTIMA TRANSACCIÓN
campo de control 20250805075348.0
007 - CAMPO FIJO DE DESCRIPCIÓN FÍSICA--INFORMACIÓN GENERAL
campo de control de longitud fija t|
008 - DATOS DE LONGITUD FIJA--INFORMACIÓN GENERAL
campo de control de longitud fija 150116s1988 sp ||||1| spa d
020 ## - NÚMERO INTERNACIONAL ESTÁNDAR DEL LIBRO
Número Internacional Estándar del Libro 84-206-5293-8
080 ## - NÚMERO DE LA CLASIFICACIÓN DECIMAL UNIVERSAL
Número de la Clasificación Decimal Universal 930.85(37/38)
245 00 - MENCIÓN DEL TÍTULO
Título Historia Oxford del mundo clásico /
Mención de responsabilidad, etc. [dirigida por] John Boardman, Jasper Griffin y Oswyn Murray ; versión española de Federico Zaragoza Alberich.
260 ## - PUBLICACIÓN, DISTRIBUCIÓN, ETC.
Lugar de publicación, distribución, etc. Madrid :
Nombre del editor, distribuidor, etc. Alianza Editorial,
Fecha de publicación, distribución, etc. [1988]
300 ## - DESCRIPCIÓN FÍSICA
Extensión 2 v. (958 p.) :
Otras características físicas il., mapas ;
Dimensiones 24 cm.
504 ## - NOTA DE BIBLIOGRAFÍA, ETC.
Nota de bibliografía, etc. Bibliografía.
505 8# - NOTA DE CONTENIDO CON FORMATO
Nota de contenido con formato Contiene: 1. Grecia - ­ 2. Roma
650 #4 - PUNTO DE ACCESO ADICIONAL DE MATERIA--TÉRMINO DE MATERIA
Término de materia o nombre geográfico como elemento de entrada Civilización clásica.
9 (RLIN) 139535
650 #4 - PUNTO DE ACCESO ADICIONAL DE MATERIA--TÉRMINO DE MATERIA
Término de materia o nombre geográfico como elemento de entrada Civilización griega.
9 (RLIN) 137206
650 #7 - PUNTO DE ACCESO ADICIONAL DE MATERIA--TÉRMINO DE MATERIA
Término de materia o nombre geográfico como elemento de entrada Civilización romana
Fuente del encabezamiento o término embne
9 (RLIN) 11103
700 1# - ENTRADA AGREGADA--NOMBRE PERSONAL
Nombre de persona Boardman, John.
9 (RLIN) 29630
700 1# - ENTRADA AGREGADA--NOMBRE PERSONAL
Nombre de persona Griffin, Jasper.
9 (RLIN) 59996
700 1# - ENTRADA AGREGADA--NOMBRE PERSONAL
Nombre de persona Murray, Oswyn.
9 (RLIN) 84645
700 1# - ENTRADA AGREGADA--NOMBRE PERSONAL
Nombre de persona Zaragoza Alberich, Federico.
9 (RLIN) 118034
852 ## - LOCALIZACIÓN
Ubicación ES-MaACL
Número de control de estantería L-30088-89
Nota libre - Donat. Miguel A. Velasco
Holdings
Estatus retirado Estado de pérdida Estado de daño No para préstamo Biblioteca de origen Biblioteca actual Ubicación en estantería Fecha de adquisición Fuente de adquisición Total de préstamos Signatura topográfica completa Código de barras Visto por última vez Precio de reemplazo Tipo de ítem Koha
        Biblioteca del Ateneo de Madrid Biblioteca del Ateneo de Madrid Depósito 2 17/01/2008     L-30088-89 1157635 23/02/2023 23/02/2023 Libro impreso